000 00501nam a2200181Ia 4500
008 090124s9999 xx 000 0 und d
082 _b128215
100 _aभारद्वाज मंदाकिनी
245 _a नाती
250 _a1
260 _c1998
300 _a192
600 _aभारद्वाज मंदाकिनी
630 _a नाती
700 _aभारद्वाज मंदाकिनी
730 _a नाती
942 _cBOOK
999 _c174304
_d174304